1328 1364 1802 1517 1238 1283 1154 1726 1849 1567 1713 1329 1319 1187 1518 1316 1083 1631 1744 1106 1000 1540 1896 1887 1839 1783 1678 1117 1468 1624 1584 1833 1621 1552 1611 1347 1048 1766 1152 1689 1106 1543 1583 1782 1966 1036 1346 1215 1332 1332 1426 1553 1566 1419 1973 1710 1579 1863 1914 1212 1050 1427 1117 1364 1411 1391 1376 1312 1263 1661 1839 1314 1623 1580 1823 1415 1039 1270 1485 1606 1330 1733 1941 1648 1777 1440 1680 1033 1932 1840 1404 1627 1096 1601 1531 1477 1202 1568 1255 BCNSPRNW ULIB Ver.6.0+V

เปลี่ยนเป็นภาษาไทย

Change to English
 แสดงรายละเอียดบรรณานุกรม
  กลับหน้าหลัก

Brief Record : Get Marc (ISO 2709) : E-mail record : QR code < ปิดหน้าต่าง
LEADER : 00000nam 2200000uu 4500
001    13399128592
003     ULIB
008    230912s2563||||th 000 0 tha d
020    ^a9786161118419
060 04 ^aWY160^bก492^cล.2
245 00 ^aการพยาบาลจิตเวชและสุขภาพจิต(ฉบับปรับปรุง)เล่มที่ 2 /^cบรรณาธิการ, ฉวีวรรณ สัตยธรรม
250    ^aพิมพ์ครั้งที่ 3
260    ^aนนทบุรี :^bโครงการสวัสดิการวิชาการ สถาบันพระบรมราชชนก,^c2563
300    ^a304 หน้า :^bภาพประกอบ ; ตาราง ;^c26 ซม.
504    ^aบรรณานุกรม
650  7 ^aการพยาบาลจิตเวชศาสตร์
650  7 ^aสุขภาพจิต^xการพยาบาล
700 0  ^aฉวีวรรณ สัตยธรรม,^eบรรณาธิการ
700 0  ^aแผ จันทร์สุข,^eบรรณาธิการ
700 0  ^aศุกร์ใจ เจริญสุข^eบรรณาธิการ
710 2  ^aกระทรวงสาธารณสุข. ^bสถาบันพระบรมราชชนก.^bโครงการสวัสดิการวิชาการ
945    ^p230^l0^i29804
945    ^p230^l0^i29805
999    ^aกัณชพร จุลอักษร
รายการนี้ยังไม่มีแท็ก
คุณยังไม่ได้ล็อกอิน คุณสามารถมีกิจกรรมร่วมกับเว็บไซต์ได้ แต่ต้องล็อกอินก่อน ::
  ล็อกอิน

รายการสื่อสารสนเทศ

ลำดับที่ ประเภท เลขเรียก/บาร์โค้ด สถานที่ สถานะ
1. หนังสือสำรอง
หนังสือสำรอง
WY160 ก492 ล.2 ฉ.1 
  Barcode: 29804
ห้องสมุดวิทยาเขตนครสวรรค์
►หนังสือทั่วไป:l:General Books
บนชั้น
2. วิทยาศาสตร์การแพทย์ และสุขภาพ
วิทยาศาสตร์การแพทย์ และสุขภาพ
WY160 ก492 ล.2 ฉ.2 
  Barcode: 29805
ห้องสมุดวิทยาเขตนครสวรรค์
►หนังสือทั่วไป:l:General Books
บนชั้น

รายการใกล้เคียง
    หัวเรื่อง [การพยาบาลจิตเวชศาสตร์]

BibComment


ยังไม่เคยถูกคอมเมนท์

คอมเมนท์ทรัพยากรรายการนี้
  คอมเมนท์: การพยาบาลจิตเวชแ..


 Copyright 2026. Bcnsprnw @Library